MARC

LEADER 00000nam0a2200000 4500
001 279965
005 20231101235247.0
035 |a (RuTPU)RU\TPU\book\303270 
090 |a 279965 
100 |a 20141224d1986 m y0rusy50 ca 
101 0 |a rus 
102 |a RU 
105 |a a z 000zy 
200 1 |a Металлургия вчера, сегодня и завтра  |f Б. И. Медовар 
210 |a Киев  |c Наукова думка  |d 1986 
215 |a 131 с.  |c ил. 
225 1 |a Научно-популярная литература 
606 1 |a Черная металлургия  |2 stltpush  |3 (RuTPU)RU\TPU\subj\18663  |9 87973 
610 1 |a история 
610 1 |a сталеплавильное производство 
610 1 |a прокатное производство 
610 1 |a затвердевание 
610 1 |a потребление 
610 1 |a потребление 
675 |a 669.1(09)  |v 4 
700 1 |a Медовар  |b Б. И. 
801 1 |a RU  |b 63413507  |c 20141224 
801 2 |a RU  |b 63413507  |c 20170426  |g RCR 
942 |c BK